Portugal na Revolução Comercial do século XVIII (Record no. 45633)
[ view plain ]
| 000 -Etiqueta do registo | |
|---|---|
| Valores | 00776nam a2200241 4500 |
| 010 ## - Número ISBN | |
| ISBN | 9789895762606 |
| 021 ## - Número do Depósito Legal | |
| Número | 548257/25 |
| 100 ## - Dados gerais de processamento | |
| Dados gerais | 20250708d2025 k y0pory50030103ba |
| 101 0# - Língua de publicação | |
| Língua | por |
| 102 ## - País de publicação | |
| País | PT |
| 200 1# - Titulo e menção de responsabilidade | |
| Título próprio | Portugal na Revolução Comercial do século XVIII |
| Primeira menção de responsabilidade | José António Cortez |
| Outras menções de responsabilidade | pref. Luís Valente de Oliveira |
| Título paralelo | Três séculos de economia portuguesa. |
| Informação de outro título | As reformas e as Políticas Pombalinas |
| 205 ## - Menção da edição | |
| Edição | 1.ª ed. |
| 210 #9 - Publicação | |
| Local de publicação | Lisboa |
| Nome do editor | Guerra & Paz, |
| Data de publicação | 2025 |
| 215 ## - Descrição física | |
| Paginação / Volumes | 123, [2] p. |
| Dimensões | 23 cm |
| 675 ## - CDU | |
| Notação | 338.24(469)"17"(091) |
| 675 ## - CDU | |
| Notação | 330.81(469)"17"(091) |
| 675 ## - CDU | |
| Notação | 339(100+469)"17"(091) |
| 700 #1 - Autor principal | |
| Apelido | Cortês, |
| Nome | José António |
| 702 #1 - Autor secundário | |
| Apelido | Oliveira, |
| Nome | Valente de, |
| Datas | 1937- |
| Função | 080 |
| 801 #0 - Fonte de origem | |
| País | PT |
| Agência | BN |
| Regras de catalogação | RPC |
| 990 ## - Elementos KOHA | |
| Tipo de documento | Livro |
| Aquisição | Empréstimo | Código de barras | Cota | Permissão de empréstimo | Tipo de documento | Nota relativa ao exemplar |
|---|---|---|---|---|---|---|
| Biblioteca Municipal de Redondo | Biblioteca Municipal de Redondo | 056358 | 338.24(469) COR | Livro | Portugal e as suas circunstâncias, ensaio da série Três séculos de Economia portuguesa. Oferta da Fundação Manuel António Mota |